A history of Australia / (Record no. 28361)
[ view plain ]
| 000 -LEADER | |
|---|---|
| fixed length control field | 01166cam a22002531 4500 |
| 001 - CONTROL NUMBER | |
| control field | 28361 |
| 003 - CONTROL NUMBER IDENTIFIER | |
| rucl marc code | BD-RjUL |
| 005 - DATE AND TIME OF LATEST TRANSACTION | |
| control field | 20211209051255.0 |
| 008 - FIXED-LENGTH DATA ELEMENTS--GENERAL INFORMATION | |
| fixed length control field | 140330t1968 e a b 001 0 eng d |
| 035 ## - SYSTEM CONTROL NUMBER | |
| System control number | (BD-RjUL)28442 |
| 040 ## - CATALOGING SOURCE | |
| Original cataloging agency | DLC |
| Transcribing agency | DLC |
| Modifying agency | DLC |
| -- | BD-RjUL |
| Language of cataloging | eng |
| 041 ## - LANGUAGE CODE | |
| Language code of text/sound track or separate title | eng |
| 082 00 - DEWEY DECIMAL CLASSIFICATION NUMBER | |
| Classification number | 994 |
| Author mark and year | CLH 1968 |
| 100 1# - MAIN ENTRY--PERSONAL NAME | |
| Personal name | Clark, C. M. H. |
| Fuller form of name | (Charles Manning Hope), |
| Dates associated with a name | 1915-1991. |
| 9 (RLIN) | 86856 |
| 245 02 - TITLE STATEMENT | |
| Title | A history of Australia / |
| Statement of responsibility, etc. | C. M. H. Clark |
| Number of part/section of a work | Volume-II |
| Name of part/section of a work | New south wales and Van Diemen's Land 1822-1838 |
| 260 ## - PUBLICATION, DISTRIBUTION, ETC. (IMPRINT) | |
| Place of publication, distribution, etc. | Carlton ; |
| Name of publisher, distributor, etc. | Melbourne University Press ; |
| Place of publication, distribution, etc. | London ; |
| -- | New York : |
| Name of publisher, distributor, etc. | Cambridge University Press, |
| Date of publication, distribution, etc. | 1968 |
| 300 ## - PHYSICAL DESCRIPTION | |
| Pagination | V-2 (368 p.) : |
| Illustrations | ill. ; |
| Size | 24 cm. |
| 504 ## - BIBLIOGRAPHY, ETC. NOTE | |
| Bibliography, etc | Includes bibliographical reference and indexes. |
| 505 0# - FORMATTED CONTENTS NOTE | |
| Formatted contents note | 1. From the earliest times to the age of Macquarie.--2. New South Wales and Van Diemen's Land, 1822-1838.--3. The beginning of an Australian civilization, 1824-1851.--4. The earth abideth for ever, 1851-1888.--5. The people make laws, 1888-1915.--v. 6. The old dead tree and the young tree green, 1916-1935. |
| 651 #0 - SUBJECT ADDED ENTRY--GEOGRAPHIC NAME | |
| Geographic name | Australia |
| General subdivision | History. |
| 9 (RLIN) | 86858 |
| 942 ## - ADDED ENTRY ELEMENTS (KOHA) | |
| Source of classification or shelving scheme | Dewey Decimal Classification |
| Koha item type | Books |
| Lost status | Source of classification or shelving scheme | Damaged status | Not for loan | Collection code | Permanent Location | Current Location | Shelving location | Date acquired | Source of acquisition | Total Checkouts | Full call number | Date last seen | Copy number | Koha item type |
|---|---|---|---|---|---|---|---|---|---|---|---|---|---|---|
| Dewey Decimal Classification | Added to bundle | Non-fiction | Central Library, University of Rajshahi | Central Library, University of Rajshahi | Reading Room | 12/09/1973 | Australia gift | 994 CLH V-2 1968 | 30/03/2014 | C-1 | Books |